Monuments et mémoires
محفوظ في:
المؤلف الرئيسي:
مؤلفون آخرون:
التنسيق: كتاب
اللغة: Undetermined
منشور في:
Paris
Presses universitaires de France
1993
الوسوم: إضافة وسم
لا توجد وسوم, كن أول من يضع وسما على هذه التسجيلة!
رقم الطلب: (P)DT59 .P25 v.21
| LEADER | 00429nam a2200145Ia 4500 | ||
|---|---|---|---|
| 008 | 240503s9999||||xx |||||||||||||| ||und|| | ||
| 020 | |a 9782130452133 | ||
| 050 | 4 | |a (P)DT59 .P25 v.21 | |
| 100 | 1 | |a Fondation Eugène Piot | |
| 245 | 1 | 0 | |a Monuments et mémoires |
| 264 | 1 | |a Paris |b Presses universitaires de France |c 1993 | |
| 300 | |a 41 |c 27 | ||
| 700 | 1 | |a Acamémie des inscriptions et belles lettres (France) | |
| 942 | |2 lcc |c PT | ||
| 999 | |c 58243 |d 58243 | ||
